Assessment of implementation of Tribal Sub Plan (TSP) Act, 2013 in Andhra Pradesh and Telangana states (Record no. 10883)
[ view plain ]
| 000 -LEADER | |
|---|---|
| fixed length control field | 00583nam a2200169Ia 4500 |
| 082 ## - DEWEY DECIMAL CLASSIFICATION NUMBER | |
| Classification number | RR 0270 |
| 100 ## - MAIN ENTRY--AUTHOR NAME | |
| Personal name | Gopinath Reddy, M. |
| 245 #0 - TITLE STATEMENT | |
| Title | Assessment of implementation of Tribal Sub Plan (TSP) Act, 2013 in Andhra Pradesh and Telangana states |
| Sub Title | : |
| 260 ## - PUBLICATION, DISTRIBUTION, ETC. (IMPRINT) | |
| Year of publication | 0 |
| Name of publisher | Indian Council of Social Science Research, New Delhi |
| 300 ## - PHYSICAL DESCRIPTION | |
| Number of Pages | 152p |
| 504 ## - BIBLIOGRAPHY, ETC. NOTE | |
| Bibliography, etc | Includes References |
| 650 ## - SUBJECT ADDED ENTRY--TOPICAL TERM | |
| Topical Term | Tribal Sub Plan |
| Geographic subdivision | India |
| -- | Telangana |
| -- | Andhra Pradesh |
| 650 ## - SUBJECT ADDED ENTRY--TOPICAL TERM | |
| Topical Term | TSP Act |
| Geographic subdivision | 2013 |
| -- | India |
| -- | Andhra Pradesh |
| -- | Telangana |
| 700 ## - ADDED ENTRY--PERSONAL NAME | |
| Personal name | Trinadha Rao, Palla |
| 700 ## - ADDED ENTRY--PERSONAL NAME | |
| Personal name | Eedaiah, G. |
| 942 ## - ADDED ENTRY ELEMENTS (KOHA) | |
| Koha item type | Research Reports |
| Source of classification or shelving scheme | Dewey Decimal Classification |
| Withdrawn status | Lost status | Damaged status | Not for loan | Home library | Current library | Date acquired | Source of acquisition | Full call number | Accession Number | Price effective from | Koha item type |
|---|---|---|---|---|---|---|---|---|---|---|---|
| NASSDOC Library | NASSDOC Library | 22/09/2017 | Gifted by : RP Division, ICSSR | RR 0270 | 49326 | 18/04/2019 | Research Reports |
